[Event "Sparkassen Chess Trophy 2024 A-Open"]
[Site "Dortmund"]
[Date "2024.08.10"]
[Round "1.69"]
[White "Lyutsinger, Iren"]
[Black "Ruhmann, Gabriel"]
[Result "1-0"]
[WhiteElo "2176"]
[BlackElo "1847"]
[PlyCount "103"]
[EventDate "2024.08.10"]

1. e4 d5 2. exd5 Qxd5 3. d4 Nf6 4. Nc3 Qd8 5. Nf3 Bg4 6. h3 Bxf3 7. Qxf3 c6 8. Be3 e6 9. O-O-O Nd5 10. Ne4 Nd7 11. c4 Nxe3 12. fxe3 Qa5 13. Kb1 Qf5 14. Bd3 Qxf3 15. gxf3 Be7 16. Nc3 O-O-O 17. e4 c5 18. dxc5 Ne5 19. Be2 Bxc5 20. f4 Nc6 21. e5 Nd4 22. Bd3 Rd7 23. Ne4 b6 24. Ng5 Rhd8 25. Be4 g6 26. Rhf1 Kc7 27. Rd3 Nc6 28. Rxd7+ Rxd7 29. Bxc6 Kxc6 30. Ne4 h6 31. Kc2 Rd4 32. Nd2 a5 33. a3 a4 34. Kc3 h5 35. Rf3 h4 36. Rf1 Kc7 37. Kc2 Kc6 38. Rf3 Kc7 39. Kd1 Rd7 40. Ke2 Bd4 41. b3 axb3 42. Nxb3 Bb2 43. a4 Kc6 44. Rd3 Ra7 45. Rd2 Bc3 46. Rc2 Bb4 47. Ra2 Rd7 48. Ra1 Rd8 49. Ke3 Bc5+ 50. Ke4 Kc7 51. a5 bxa5 52. Nxc5 1-0

[Event "Sparkassen Chess Trophy 2024 A-Open"]
[Site "Dortmund"]
[Date "2024.08.10"]
[Round "1.68"]
[White "Gieseler, Felix"]
[Black "Eckert, Marius"]
[Result "1/2-1/2"]
[WhiteElo "1960"]
[BlackElo "2129"]
[PlyCount "83"]
[EventDate "2024.08.10"]

1. e4 c5 2. Nf3 d6 3. d4 cxd4 4. Nxd4 Nf6 5. Nc3 Nc6 6. Be2 g6 7. O-O Bg7 8. Be3 O-O 9. Qd2 Bd7 10. Bf3 Ne5 11. Bh6 Nc4 12. Qc1 Bxh6 13. Qxh6 Qb6 14. Nb3 Nxb2 15. Rab1 Qc7 16. Nd5 Nxd5 17. exd5 Nc4 18. Nd4 Ne5 19. h4 Bg4 20. Rb3 Bxf3 21. Nxf3 Nxf3+ 22. Rxf3 Qxc2 23. h5 Qb2 24. Re1 Rfe8 25. Qg5 Rac8 26. Rb3 Qd4 27. Rxb7 Rc2 28. Rexe7 Qxf2+ 29. Kh2 Rec8 30. Rxf7 Qxf7 31. Rxf7 Kxf7 32. Qf4+ Ke7 33. Qe3+ Kd7 34. Qxa7+ R8c7 35. Qa4+ Kd8 36. Qh4+ Kc8 37. Qg4+ Rd7 38. hxg6 hxg6 39. a4 Kc7 40. Qxg6 Rc5 41. Qe4 Kd8 42. Qe6 1/2-1/2

[Event "Sparkassen Chess Trophy 2024 A-Open"]
[Site "Dortmund"]
[Date "2024.08.10"]
[Round "1.67"]
[White "Wichtrup, Jan-Louis"]
[Black "Lishoy Gengis Paratazham, Dildara"]
[Result "1-0"]
[WhiteElo "2138"]
[BlackElo "1962"]
[PlyCount "171"]
[EventDate "2024.08.10"]

1. e4 d6 2. d4 Nf6 3. Nc3 e5 4. Nf3 Nbd7 5. Rg1 c6 6. g4 exd4 7. Nxd4 Nc5 8. f3 h6 9. Be3 d5 10. e5 Nfd7 11. f4 Nb6 12. Qd2 Bd7 13. O-O-O Qe7 14. f5 O-O-O 15. Bf4 g6 16. Qe3 g5 17. Bg3 Bg7 18. Re1 Rde8 19. Qf2 Bf8 20. h4 Nba4 21. e6 Ne4 22. exd7+ Qxd7 23. Nxe4 dxe4 24. Nb3 gxh4 25. Qxa7 hxg3 26. Qxa4 Bd6 27. Bg2 e3 28. Nd4 Kc7 29. Qa5+ Kc8 30. Ne2 Qe7 31. Bf3 Bb4 32. Qa4 Bxe1 33. Rxe1 Qe5 34. Qf4 Qa5 35. Nc3 Qe5 36. Qxe5 Rxe5 37. Ne2 h5 38. gxh5 Kc7 39. Nxg3 Rg8 40. Ne4 Rxf5 41. Rxe3 Re5 42. Kd2 Rge8 43. Re2 Rf5 44. Bg4 Rd5+ 45. Ke1 Rde5 46. Ng3 Rxe2+ 47. Bxe2 Kd6 48. h6 Ke5 49. Bd3 c5 50. Kf2 b6 51. a4 f6 52. h7 Rh8 53. b3 Kf4 54. Bf5 Ke5 55. Ke3 Rd8 56. Bd3 Rh8 57. Kf3 Ke6 58. Bc4+ Ke5 59. Bg8 f5 60. Nh5 f4 61. Nxf4 Kf6 62. Ke3 Kg5 63. Ne6+ Kf6 64. Nd8 Kg7 65. Ke4 Rxg8 66. hxg8=Q+ Kxg8 67. Kd5 Kg7 68. Ne6+ Kf6 69. Nxc5 bxc5 70. a5 Kf5 71. a6 Kf4 72. a7 Ke3 73. a8=Q Kd2 74. Kc4 Ke3 75. c3 Kf4 76. Qe8 Kf3 77. Kd3 Kf4 78. Qe4+ Kg5 79. Qf3 Kg6 80. Ke4 c4 81. bxc4 Kg5 82. Qf5+ Kh6 83. Qg4 Kh7 84. Kf5 Kh8 85. Kf6 Kh7 86. Qg7# 1-0

[Event "Sparkassen Chess Trophy 2024 A-Open"]
[Site "Dortmund"]
[Date "2024.08.10"]
[Round "1.66"]
[White "Harringer, Manfred"]
[Black "Labruyere, Roger"]
[Result "0-1"]
[WhiteElo "1963"]
[BlackElo "2189"]
[PlyCount "66"]
[EventDate "2024.08.10"]

1. e4 c5 2. Nf3 d6 3. Bb5+ Bd7 4. Bxd7+ Nxd7 5. O-O Ngf6 6. Re1 e6 7. c4 Be7 8. Nc3 O-O 9. b3 Ne5 10. d3 Nfd7 11. Be3 Bf6 12. Rc1 Nxf3+ 13. Qxf3 Bxc3 14. Rxc3 Qa5 15. Rec1 Ne5 16. Qe2 Nc6 17. R3c2 Rae8 18. Qd2 Qb6 19. Rd1 f5 20. f3 e5 21. Qf2 Qd8 22. Rb2 Qf6 23. b4 b6 24. Bd2 Qf7 25. Qh4 Nd4 26. Bc3 fxe4 27. Bxd4 exd4 28. fxe4 b5 29. cxb5 c4 30. dxc4 Qxc4 31. Qh5 Rxe4 32. Rbd2 Qe6 33. h3 Rf5 0-1

[Event "Sparkassen Chess Trophy 2024 A-Open"]
[Site "Dortmund"]
[Date "2024.08.10"]
[Round "1.65"]
[White "Pipiras, Filipa Fortuna"]
[Black "Brieger, Sebastian"]
[Result "1-0"]
[WhiteElo "2192"]
[BlackElo "1946"]
[PlyCount "71"]
[EventDate "2024.08.10"]

1. d4 Nf6 2. c4 e6 3. Nc3 Bb4 4. a3 Bxc3+ 5. bxc3 c5 6. e3 O-O 7. Bd3 Nc6 8. Ne2 b6 9. O-O Ba6 10. e4 Ne8 11. f4 f5 12. exf5 exf5 13. Ng3 d5 14. Bxf5 Bxc4 15. Re1 cxd4 16. cxd4 Nd6 17. Be6+ Kh8 18. Be3 Qf6 19. Qg4 Ne7 20. Rad1 Nef5 21. Nxf5 Nxf5 22. Bf2 Nd6 23. Bh4 Qxf4 24. Qxf4 Rxf4 25. Bg3 Raf8 26. Bxf4 Rxf4 27. Re5 h6 28. Bxd5 Bxd5 29. Rxd5 Nc4 30. Rd3 Kh7 31. h3 Rf7 32. Rd8 Rb7 33. d5 b5 34. d6 Ne5 35. Rd5 Nc6 36. Rc8 1-0

[Event "Sparkassen Chess Trophy 2024 A-Open"]
[Site "Dortmund"]
[Date "2024.08.10"]
[Round "1.64"]
[White "Lettko, Michael"]
[Black "Klaska, Philipp Leon"]
[Result "0-1"]
[WhiteElo "1937"]
[BlackElo "2184"]
[PlyCount "78"]
[EventDate "2024.08.10"]

1. e4 c5 2. Nf3 g6 3. c4 Bg7 4. d4 cxd4 5. Nxd4 Nc6 6. Be3 Nf6 7. Nc3 d6 8. Be2 O-O 9. Qd2 Nxd4 10. Bxd4 Bd7 11. f3 Bc6 12. O-O-O Ne8 13. Bxg7 Nxg7 14. g4 Qa5 15. Kb1 Rfb8 16. Qh6 Qe5 17. h4 Ne6 18. Qe3 Nf4 19. Bf1 e6 20. Qd4 Qxd4 21. Rxd4 Rd8 22. Rh2 Kf8 23. Rhd2 Ke7 24. Rd1 a5 25. a4 e5 26. R4d2 Ne6 27. Ka2 h6 28. Rh2 Rh8 29. b3 Raf8 30. Bh3 Nd4 31. Rc2 f6 32. Ne2 Nxe2 33. Rxe2 h5 34. Red2 hxg4 35. Bxg4 f5 36. exf5 gxf5 37. Rh2 fxg4 38. fxg4 Rf4 39. Rg1 Bd7 0-1

[Event "Sparkassen Chess Trophy 2024 A-Open"]
[Site "Dortmund"]
[Date "2024.08.10"]
[Round "1.63"]
[White "Boehme, Markus"]
[Black "Prueske, Wolfgang"]
[Result "1-0"]
[WhiteElo "2138"]
[BlackElo "1970"]
[PlyCount "239"]
[EventDate "2024.08.10"]

1. Nf3 d5 2. d4 Nc6 3. c4 Bg4 4. cxd5 Bxf3 5. gxf3 Qxd5 6. e3 e5 7. Nc3 Bb4 8. Bd2 Bxc3 9. bxc3 Qd6 10. Rb1 O-O-O 11. Bg2 Nf6 12. f4 exf4 13. O-O Rhe8 14. Qb3 b6 15. Qb5 Ne4 16. Be1 g6 17. f3 Nf6 18. e4 Nh5 19. Bh4 f6 20. Bh3+ Kb8 21. Bg4 Ng7 22. e5 Nxe5 23. dxe5 Rxe5 24. Qa4 g5 25. Bf2 h5 26. Bh3 Nf5 27. Rfd1 Rd5 28. Rxd5 Qxd5 29. c4 Qd3 30. Bxf5 Qxf5 31. Re1 Qd3 32. Qc6 Qd6 33. Qe4 g4 34. c5 Qd3 35. cxb6 axb6 36. Qxf4 Qxf3 37. Qxf3 gxf3 38. Be3 Rg8+ 39. Kf2 Rg2+ 40. Kxf3 Rxh2 41. Bf2 Rh3+ 42. Kf4 Ra3 43. Re2 Kb7 44. Kf5 Rf3+ 45. Kg6 Kc6 46. Kxh5 Kb5 47. Kg4 Ra3 48. Kf5 Rf3+ 49. Ke4 Ra3 50. Bd4 Ra4 51. Kd3 Ra3+ 52. Bc3 Kc5 53. Rf2 Kb5 54. Rb2+ Kc6 55. Kc4 Ra4+ 56. Bb4 Kb7 57. Kb3 Ra8 58. Rf2 Rh8 59. Rxf6 Rh7 60. Kc4 Rd7 61. Bc3 Rh7 62. Be5 Rd7 63. Rh6 Kc8 64. Rh2 Kb7 65. a4 Kc6 66. Bc3 Kb7 67. Rh5 Kc6 68. a5 bxa5 69. Bxa5 Rf7 70. Rh6+ Kb7 71. Bc3 Rd7 72. Kc5 Rf7 73. Be5 Rd7 74. Rh1 Rd2 75. Rb1+ Kc8 76. Rc1 Kb7 77. Bf4 Rd7 78. Rb1+ Kc8 79. Be5 Rh7 80. Kd5 Rd7+ 81. Kc6 Re7 82. Rh1 Re6+ 83. Kd5 Rb6 84. Rh7 Rb5+ 85. Kc6 Rb6+ 86. Kc5 Rb7 87. Bd4 Rb6 88. Be5 Rb7 89. Rg7 Kd8 90. Bf4 Kc8 91. Bg3 Kd8 92. Bh4+ Kc8 93. Rg8+ Kd7 94. Rd8+ Ke6 95. Kc6 Rb1 96. Bf2 Rc1+ 97. Bc5 Rc2 98. Re8+ Kf6 99. Rc8 Kf5 100. Rxc7 Ke4 101. Re7+ Kf5 102. Kd5 Rd2+ 103. Bd4 Ra2 104. Rf7+ Kg4 105. Ke5 Re2+ 106. Kd5 Ra2 107. Ke4 Ra4 108. Rf8 Rb4 109. Rg8+ Kh3 110. Ke3 Rb3+ 111. Kf2 Rb7 112. Be5 Rf7+ 113. Ke3 Ra7 114. Bf4 Ra3+ 115. Ke4 Ra4+ 116. Kf3 Ra3+ 117. Be3 Ra4 118. Rg1 Kh2 119. Rb1 Ra3 120. Rb8 1-0

[Event "Sparkassen Chess Trophy 2024 A-Open"]
[Site "Dortmund"]
[Date "2024.08.10"]
[Round "1.62"]
[White "Sprenger de la Iglesia, Yevgeni"]
[Black "Moeller, Maurin"]
[Result "1/2-1/2"]
[WhiteElo "1973"]
[BlackElo "2082"]
[PlyCount "47"]
[EventDate "2024.08.10"]

1. d4 Nf6 2. c4 g6 3. Nc3 d5 4. Nf3 Bg7 5. Qb3 dxc4 6. Qxc4 O-O 7. e4 Nc6 8. Be2 e5 9. d5 Nd4 10. Nxd4 exd4 11. Qxd4 c6 12. Qc4 b5 13. Qxc6 Bd7 14. Qd6 Re8 15. e5 b4 16. Qxb4 Rxe5 17. O-O Nxd5 18. Nxd5 Rxe2 19. Be3 Rxb2 20. Ne7+ Kh8 21. Qe4 Rb5 22. Bd4 Bf5 23. Nxf5 Rxf5 24. Rad1 1/2-1/2

[Event "Sparkassen Chess Trophy 2024 A-Open"]
[Site "Dortmund"]
[Date "2024.08.10"]
[Round "1.61"]
[White "Wagner, Alexej"]
[Black "Thieu, Nguyen Gia Bao"]
[Result "1/2-1/2"]
[WhiteElo "2201"]
[BlackElo "1904"]
[PlyCount "81"]
[EventDate "2024.08.10"]

1. d4 Nf6 2. c4 e6 3. Nc3 Bb4 4. Qc2 b6 5. e4 c5 6. d5 Qe7 7. Nge2 exd5 8. exd5 O-O 9. Bf4 d6 10. O-O-O Re8 11. Ng3 Ng4 12. h3 Ne5 13. Be2 Nbd7 14. Nb5 Nf6 15. Bd2 a6 16. Nc3 Bd7 17. Rhe1 Qd8 18. f4 Ng6 19. Bd3 b5 20. Nce4 bxc4 21. Bxc4 Bxd2+ 22. Qxd2 Nxe4 23. Nxe4 Qb6 24. Nc3 Qb4 25. Bf1 Qxf4 26. Qxf4 Nxf4 27. Ne4 Kf8 28. Nxd6 Rxe1 29. Rxe1 Nxd5 30. Bc4 Be6 31. Re5 Nb4 32. a3 Bxc4 33. axb4 Bf1 34. Rf5 Bxg2 35. Rxf7+ Kg8 36. bxc5 Bxh3 37. Re7 h5 38. Kd2 Kf8 39. Rf7+ Kg8 40. Re7 Kf8 41. Rf7+ 1/2-1/2

[Event "Sparkassen Chess Trophy 2024 A-Open"]
[Site "Dortmund"]
[Date "2024.08.10"]
[Round "1.60"]
[White "Schloesser, Alexander"]
[Black "Ohler, Julius"]
[Result "0-1"]
[WhiteElo "1975"]
[BlackElo "2182"]
[PlyCount "96"]
[EventDate "2024.08.10"]

1. d4 Nf6 2. Nc3 d5 3. Bf4 a6 4. e3 c5 5. Nf3 Bg4 6. Be2 Nc6 7. h3 Bxf3 8. Bxf3 cxd4 9. exd4 e6 10. O-O Bd6 11. Qd2 O-O 12. Ne2 b5 13. a3 Na5 14. Bxd6 Nc4 15. Qf4 Qxd6 16. Qxd6 Nxd6 17. Nf4 Rfc8 18. c3 Nc4 19. Nd3 Nd2 20. Rfe1 Nxf3+ 21. gxf3 Nd7 22. f4 g6 23. Re2 Kg7 24. Rae1 a5 25. Kg2 Rab8 26. Ra1 Rc4 27. Re3 Rb6 28. Rae1 Rc8 29. Ra1 Rc4 30. Rae1 h5 31. Ra1 Rc7 32. Rae1 Nb8 33. Rg3 Kf6 34. Kf3 Nc6 35. Re3 b4 36. axb4 axb4 37. Ne5 Nb8 38. Kg2 Nc6 39. h4 Ne7 40. Rh3 Nf5 41. Rd3 Rb8 42. Rh1 bxc3 43. bxc3 Rbc8 44. Rhh3 Kg7 45. Rh1 Rxc3 46. Rxc3 Rxc3 47. Ra1 Nxh4+ 48. Kf1 Nf3 0-1

[Event "Sparkassen Chess Trophy 2024 A-Open"]
[Site "Dortmund"]
[Date "2024.08.10"]
[Round "1.59"]
[White "Riemland, Arnold"]
[Black "Green, Michael"]
[Result "0-1"]
[WhiteElo "2112"]
[BlackElo "1976"]
[PlyCount "184"]
[EventDate "2024.08.10"]

1. d4 Nf6 2. Bf4 c5 3. e3 d5 4. c3 Nc6 5. Nf3 cxd4 6. exd4 a6 7. Bd3 Bg4 8. h3 Bh5 9. Nbd2 e6 10. Qb3 Ra7 11. Ne5 Nxe5 12. Bxe5 Bg6 13. Bxg6 hxg6 14. O-O Bd6 15. c4 O-O 16. Bxd6 Qxd6 17. c5 Qc6 18. Rac1 Nd7 19. f4 b6 20. cxb6 Qxb6 21. Qxb6 Nxb6 22. Rc6 Rb8 23. Rfc1 a5 24. Rc7 Rxc7 25. Rxc7 Nc4 26. Nf3 Nxb2 27. Ng5 Rf8 28. Ra7 Nd3 29. g3 Nc1 30. Rxa5 Ne2+ 31. Kf2 Nxd4 32. Ra6 Rd8 33. Nf3 Nxf3 34. Kxf3 Kf8 35. Ke3 Ke7 36. Kd4 Kf6 37. Ra7 Rc8 38. a4 Rc4+ 39. Kd3 Rb4 40. Kc3 Re4 41. Kd3 g5 42. fxg5+ Kxg5 43. Rxf7 Rxa4 44. Rxg7+ Kf6 45. Rg8 e5 46. h4 Ra3+ 47. Ke2 e4 48. h5 Ke5 49. h6 Ra2+ 50. Ke1 Rh2 51. Re8+ Kd4 52. Re6 Kd3 53. Kf1 e3 54. Kg1 Rh5 55. g4 Rg5 56. Kg2 Rxg4+ 57. Kf3 Re4 58. Rxe4 dxe4+ 59. Kg2 e2 60. h7 e1=Q 61. h8=Q Qe2+ 62. Kg1 Qg4+ 63. Kf1 Qf3+ 64. Kg1 e3 65. Qh7+ Kd2 66. Qd7+ Ke1 67. Qd4 Qf2+ 68. Kh1 Qd2 69. Qh4+ Kd1 70. Qd4 Ke2 71. Qg4+ Kd3 72. Qf5+ Kc3 73. Qa5+ Kb2 74. Qb5+ Kc1 75. Qc5+ Kd1 76. Qh5+ e2 77. Kg2 Qd4 78. Kh1 Qe4+ 79. Kh2 Qf4+ 80. Kg2 Qd4 81. Kh1 Ke1 82. Qg5 Qe4+ 83. Kg1 Kd1 84. Qh5 Qe3+ 85. Kg2 Kc1 86. Qh8 e1=Q 87. Qa1+ Kd2 88. Qa2+ Kd3 89. Qa6+ Ke4 90. Qe6+ Kf4 91. Qh6+ Kg4 92. Qg6+ Qg5 0-1

[Event "Sparkassen Chess Trophy 2024 A-Open"]
[Site "Dortmund"]
[Date "2024.08.10"]
[Round "1.58"]
[White "Thiemann, Marc"]
[Black "Mainka, Gregor"]
[Result "0-1"]
[WhiteElo "1974"]
[BlackElo "2210"]
[PlyCount "70"]
[EventDate "2024.08.10"]

1. e4 e6 2. d4 d5 3. e5 c5 4. c3 Nc6 5. Nf3 Qb6 6. Bd3 Bd7 7. dxc5 Bxc5 8. O-O f6 9. b4 Be7 10. b5 Nxe5 11. Nxe5 fxe5 12. Qh5+ Kf8 13. Qxe5 Nf6 14. c4 Rc8 15. Be3 Qd6 16. Qxd6 Bxd6 17. Nd2 b6 18. Rac1 Ke7 19. h3 Bc5 20. Bf4 Bd6 21. Be3 Bc5 22. Bg5 h6 23. Bh4 dxc4 24. Bxc4 Ba3 25. Rb1 Bd6 26. f4 Bc5+ 27. Bf2 Rhd8 28. Rfe1 Bxf2+ 29. Kxf2 Bxb5 30. Rxe6+ Kf8 31. Bxb5 Rxd2+ 32. Re2 Rcc2 33. g3 Ne4+ 34. Ke3 Rxe2+ 35. Bxe2 Rxe2+ 0-1

[Event "Sparkassen Chess Trophy 2024 A-Open"]
[Site "Dortmund"]
[Date "2024.08.10"]
[Round "1.57"]
[White "Wickenfeld, Stefan"]
[Black "Stoll, Thomas"]
[Result "1-0"]
[WhiteElo "2206"]
[BlackElo "1978"]
[PlyCount "77"]
[EventDate "2024.08.10"]

1. d4 Nf6 2. Nf3 e6 3. g3 d5 4. Bg2 b5 5. O-O Bb7 6. a4 b4 7. c4 dxc4 8. Qc2 Be7 9. Nbd2 O-O 10. Nxc4 Be4 11. Qb3 Nbd7 12. Rd1 Qc8 13. Bf4 Bd5 14. Nfe5 Bxg2 15. Kxg2 Nxe5 16. Nxe5 Qb7+ 17. Qf3 Nd5 18. Rac1 Nxf4+ 19. gxf4 Qxf3+ 20. Kxf3 f6 21. Nd3 Bd6 22. Ke4 Kf7 23. Rc6 Rfb8 24. Rdc1 Rb6 25. R6c4 Rab8 26. b3 Ke7 27. Rg1 g6 28. h4 Kf7 29. Rgc1 h6 30. Rxc7+ Bxc7 31. Rxc7+ Kg8 32. Rxa7 Rd8 33. e3 Rd5 34. a5 Rb8 35. a6 Rh5 36. Nc5 Rxh4 37. Rb7 Ra8 38. a7 Rxa7 39. Rxa7 1-0

[Event "Sparkassen Chess Trophy 2024 A-Open"]
[Site "Dortmund"]
[Date "2024.08.10"]
[Round "1.56"]
[White "Riechenberg, Maximilian"]
[Black "Engel, Bruno"]
[Result "0-1"]
[WhiteElo "1981"]
[BlackElo "2211"]
[PlyCount "68"]
[EventDate "2024.08.10"]

1. e4 c5 2. Nf3 d6 3. Bb5+ Nd7 4. O-O Ngf6 5. Re1 a6 6. Bd3 e6 7. c3 b5 8. Bc2 c4 9. a4 bxa4 10. Na3 Qc7 11. Bxa4 Bb7 12. d3 cxd3 13. Qxd3 Rd8 14. Bg5 h6 15. Bh4 g5 16. Bg3 Nh5 17. Nc4 Nxg3 18. hxg3 Be7 19. e5 d5 20. Na5 Kf8 21. Nxb7 Qxb7 22. Bxd7 Rxd7 23. Rxa6 Kg7 24. Nd4 Bc5 25. Rea1 Bxd4 26. cxd4 Rb8 27. R1a2 Qb3 28. Qd2 Rc7 29. R6a3 Qc2 30. Qe3 Qd1+ 31. Kh2 Qh5+ 32. Kg1 Qd1+ 33. Kh2 Rc1 34. Kh3 Qh5# 0-1

[Event "Sparkassen Chess Trophy 2024 A-Open"]
[Site "Dortmund"]
[Date "2024.08.10"]
[Round "1.55"]
[White "Steinmetzer, Thomas"]
[Black "Stoll, Lucia"]
[Result "0-1"]
[WhiteElo "2215"]
[BlackElo "1984"]
[PlyCount "108"]
[EventDate "2024.08.10"]

1. e4 e5 2. Nf3 Nc6 3. Bb5 a6 4. Ba4 Nf6 5. O-O b5 6. Bb3 Be7 7. d4 exd4 8. e5 Ne4 9. Bd5 Nc5 10. Nxd4 Bb7 11. Nf5 O-O 12. Re1 d6 13. Qf3 Nxe5 14. Rxe5 dxe5 15. Nxe7+ Qxe7 16. Bxb7 e4 17. Qa3 Qd7 18. Nc3 Nxb7 19. Be3 Qe6 20. Re1 Rad8 21. g3 f5 22. Ne2 Qd6 23. b4 a5 24. Qb3+ Qd5 25. Qxd5+ Rxd5 26. Nc3 Rd7 27. bxa5 b4 28. a6 bxc3 29. axb7 Rb8 30. Rb1 c6 31. Rb3 Rdxb7 32. Rxc3 Rc8 33. a4 Rb1+ 34. Kg2 Ra1 35. Rc4 Kf7 36. h4 g5 37. Bb6 Ke6 38. a5 c5 39. Rc3 Ra2 40. Kg1 Kd5 41. Kf1 Kd4 42. Rb3 Rxc2 43. Ra3 Rb2 44. Ra1 Kd3 45. Kg2 c4 46. Be3 c3 47. a6 Ra8 48. a7 c2 49. Ra6 Rb4 50. Ra3+ Kc4 51. Bd2 Rb3 52. Ra4+ Kd3 53. Be3 Rb1 54. Rd4+ Kc3 0-1

[Event "Sparkassen Chess Trophy 2024 A-Open"]
[Site "Dortmund"]
[Date "2024.08.10"]
[Round "1.54"]
[White "Oest, Thorsten"]
[Black "Strehse, Nelson"]
[Result "1-0"]
[WhiteElo "1977"]
[BlackElo "2223"]
[PlyCount "117"]
[EventDate "2024.08.10"]

1. e4 c5 2. Nc3 Nc6 3. Bb5 Nd4 4. Nf3 a6 5. Bd3 Nc6 6. Be2 Nf6 7. d4 cxd4 8. Nxd4 e5 9. Nxc6 bxc6 10. O-O Bb4 11. Bd2 Rb8 12. f4 d6 13. fxe5 dxe5 14. Kh1 O-O 15. Qe1 Be7 16. Rd1 Qc7 17. b3 a5 18. Qg3 Be6 19. a4 Rfd8 20. Bh6 Ne8 21. Bd3 Rbc8 22. Nb1 Bb4 23. Nd2 Bxd2 24. Rxd2 f6 25. Rfd1 Kh8 26. Be3 c5 27. Qf2 Nd6 28. Qe2 h6 29. Bg1 Kh7 30. h3 Kh8 31. Ba6 Ra8 32. Bb5 Rac8 33. Ba6 Ra8 34. Bb5 Kh7 35. Qe3 c4 36. Qb6 Nxb5 37. Rxd8 Rxd8 38. Rxd8 cxb3 39. cxb3 Qxb6 40. Bxb6 Nd4 41. Bxd4 exd4 42. b4 axb4 43. Rxd4 b3 44. a5 f5 45. exf5 Bxf5 46. Rb4 Be6 47. a6 Bd5 48. a7 Kg6 49. Rb5 b2 50. Rxb2 h5 51. Rb8 Kg5 52. Rb5 Kh4 53. Rxd5 g5 54. a8=Q g4 55. Qd8+ Kg3 56. Rd3+ Kf2 57. Qc7 gxh3 58. Qc2+ Kf1 59. Rd1# 1-0

[Event "Sparkassen Chess Trophy 2024 A-Open"]
[Site "Dortmund"]
[Date "2024.08.10"]
[Round "1.53"]
[White "Panjer, Sidney"]
[Black "Manukonda Arun"]
[Result "1-0"]
[WhiteElo "2208"]
[BlackElo "1988"]
[PlyCount "108"]
[EventDate "2024.08.10"]

1. Nf3 d5 2. d4 Nf6 3. c4 e6 4. g3 Be7 5. Bg2 Ne4 6. O-O f5 7. Ne5 Nd7 8. Nxd7 Qxd7 9. f3 Nf6 10. e4 dxe4 11. fxe4 fxe4 12. Nc3 O-O 13. Nxe4 Nxe4 14. Rxf8+ Bxf8 15. Bxe4 e5 16. Qf3 Qxd4+ 17. Be3 Bg4 18. Bd5+ Kh8 19. Qf2 Qd3 20. Rf1 h6 21. Bxb7 Rd8 22. b3 e4 23. Bxa7 Bb4 24. Qe3 Bf3 25. Bd5 Qc2 26. Rf2 Qb1+ 27. Rf1 Qb2 28. Rf2 Qa3 29. Bd4 Qa6 30. Bxe4 Bxe4 31. Qxe4 Qd6 32. Be3 Qd1+ 33. Kg2 Qh5 34. Bd4 Re8 35. Qf3 Qg6 36. Qf5 Qc6+ 37. Qf3 Re4 38. Bb2 Bc5 39. Rd2 Qb6 40. Qd3 Re3 41. Qc2 Qc6+ 42. Rd5 Qe8 43. Qf5 Re2+ 44. Kh3 Bg1 45. Bxg7+ Kg8 46. Be5 Rxh2+ 47. Kg4 Rf2 48. Rd8 Qxd8 49. Qg6+ Kf8 50. Qxh6+ Ke7 51. Qh7+ Rf7 52. Bf6+ Kxf6 53. Qh4+ Ke5 54. Qxd8 Bc5 1-0

[Event "Sparkassen Chess Trophy 2024 A-Open"]
[Site "Dortmund"]
[Date "2024.08.10"]
[Round "1.52"]
[White "Goldinov, Daniel"]
[Black "Keyser, Robin"]
[Result "1-0"]
[WhiteElo "1989"]
[BlackElo "2229"]
[PlyCount "83"]
[EventDate "2024.08.10"]

1. e4 e6 2. d4 d5 3. Bd3 dxe4 4. Bxe4 Nf6 5. Bf3 c5 6. Ne2 Nc6 7. Be3 e5 8. Bxc6+ bxc6 9. c3 cxd4 10. cxd4 c5 11. dxe5 Qxd1+ 12. Kxd1 Ng4 13. Nec3 Bb7 14. Kc2 O-O-O 15. Nd2 Nxe5 16. Nde4 Nd3 17. Rad1 Ba6 18. a3 f5 19. Ng5 Rd7 20. Ne6 c4 21. Nf4 Bd6 22. Nxd3 cxd3+ 23. Kb1 f4 24. Bd2 Bb7 25. f3 Re8 26. Nb5 Bb8 27. Rc1+ Kd8 28. Ba5+ Ke7 29. Rhe1+ Kf7 30. Rxe8 Kxe8 31. Re1+ Kf7 32. Bd2 Rd5 33. Nc3 Rh5 34. h3 Rg5 35. g4 Bxf3 36. Bxf4 Bxf4 37. Rf1 Bxg4 38. hxg4 Ke6 39. Rxf4 h5 40. Rf7 Kxf7 41. gxh5 Rg1+ 42. Ka2 1-0

[Event "Sparkassen Chess Trophy 2024 A-Open"]
[Site "Dortmund"]
[Date "2024.08.10"]
[Round "1.51"]
[White "Noeldner, Julian"]
[Black "Scholz, Benedict"]
[Result "1-0"]
[WhiteElo "2189"]
[BlackElo "1990"]
[PlyCount "53"]
[EventDate "2024.08.10"]

1. c4 Nf6 2. g3 g6 3. Bg2 Bg7 4. Nc3 O-O 5. d4 d6 6. h3 a6 7. Nf3 Nc6 8. O-O Rb8 9. e4 b5 10. Qd3 Bd7 11. e5 Ne8 12. Re1 Nb4 13. Qd1 bxc4 14. e6 fxe6 15. Ng5 Nd3 16. Rxe6 Rxf2 17. Bd5 Kh8 18. Bxc4 Bxd4 19. Be3 Bxe3 20. Rxe3 Nxb2 21. Qd4+ e5 22. Qh4 h5 23. Kxf2 Kg7 24. Bb3 Bf5 25. g4 Nd3+ 26. Rxd3 Bxd3 27. Ne6+ 1-0

[Event "Sparkassen Chess Trophy 2024 A-Open"]
[Site "Dortmund"]
[Date "2024.08.10"]
[Round "1.50"]
[White "Conrad, Joachim"]
[Black "Spriestersbach, Kai"]
[Result "1/2-1/2"]
[WhiteElo "1994"]
[BlackElo "2164"]
[PlyCount "81"]
[EventDate "2024.08.10"]

1. d4 Nf6 2. Nf3 g6 3. Bg5 Bg7 4. e3 O-O 5. Be2 c5 6. c3 d6 7. O-O b6 8. Nbd2 Bb7 9. a4 Nc6 10. Qc2 Rc8 11. Rfd1 Qc7 12. h3 Rfe8 13. Nc4 cxd4 14. exd4 Nb8 15. Ncd2 h6 16. Bxf6 Bxf6 17. Bd3 Nc6 18. Qb3 Na5 19. Qa2 d5 20. Re1 Nc6 21. Re2 e5 22. dxe5 Nxe5 23. Nxe5 Rxe5 24. Rae1 Rxe2 25. Rxe2 Kg7 26. Qa3 d4 27. c4 Qf4 28. b3 Rc5 29. Ne4 Re5 30. Nxf6 Qxf6 31. Rxe5 Qxe5 32. Qc1 a5 33. Qd2 Bc6 34. f3 h5 35. Kf2 h4 36. Bf1 Bd7 37. Bd3 Qg3+ 38. Kf1 Bxh3 39. gxh3 Qxf3+ 40. Ke1 Qh1+ 41. Bf1 1/2-1/2

[Event "Sparkassen Chess Trophy 2024 A-Open"]
[Site "Dortmund"]
[Date "2024.08.10"]
[Round "1.49"]
[White "Collin, Moritz Valentin"]
[Black "Christodoulaki, Antonia"]
[Result "0-1"]
[WhiteElo "2234"]
[BlackElo "1994"]
[PlyCount "86"]
[EventDate "2024.08.10"]

1. d4 d5 2. c4 e6 3. Nc3 h6 4. cxd5 exd5 5. Bf4 Nf6 6. e3 Bd6 7. Bg3 O-O 8. Bd3 c6 9. Nf3 Bxg3 10. hxg3 Nbd7 11. b4 a6 12. a4 Qe7 13. Qb3 Ne4 14. Ne2 Re8 15. O-O Ndf6 16. Bc2 Bg4 17. Qb2 g6 18. Nf4 Bxf3 19. gxf3 Nd2 20. Rfc1 Nxf3+ 21. Kg2 Ng5 22. b5 axb5 23. axb5 Rxa1 24. Rxa1 Qd7 25. bxc6 bxc6 26. Rh1 Ng4 27. Qc3 Ne4 28. Bxe4 dxe4 29. Rc1 g5 30. Nh5 Qf5 31. Rf1 Qg6 32. Rh1 Re6 33. Qc5 Nf6 34. Nxf6+ Qxf6 35. Rb1 Qf3+ 36. Kg1 Rf6 37. Rb8+ Kg7 38. Qc2 h5 39. Re8 h4 40. gxh4 gxh4 41. Rxe4 h3 42. Kf1 Qg2+ 43. Ke1 Qg1+ 0-1

[Event "Sparkassen Chess Trophy 2024 A-Open"]
[Site "Dortmund"]
[Date "2024.08.10"]
[Round "1.48"]
[White "Xue, Luka"]
[Black "Ferro, Mario"]
[Result "1/2-1/2"]
[WhiteElo "1992"]
[BlackElo "2235"]
[PlyCount "55"]
[EventDate "2024.08.10"]

1. d4 d5 2. c4 e6 3. Nc3 a6 4. Nf3 dxc4 5. a4 Nf6 6. Bg5 Bb4 7. e3 h6 8. Bh4 c5 9. Bxc4 cxd4 10. exd4 Qc7 11. Qd3 Nd5 12. O-O Nf4 13. Qe4 g5 14. Na2 Qxc4 15. Rac1 Ne2+ 16. Kh1 Nxc1 17. Rxc1 Qxc1+ 18. Nxc1 gxh4 19. d5 Be7 20. dxe6 Nc6 21. exf7+ Kxf7 22. Nd3 Rf8 23. Nde5+ Nxe5 24. Nxe5+ Ke8 25. Qg6+ Kd8 26. Qb6+ Ke8 27. Qg6+ Kd8 28. Qb6+ 1/2-1/2

[Event "Sparkassen Chess Trophy 2024 A-Open"]
[Site "Dortmund"]
[Date "2024.08.10"]
[Round "1.47"]
[White "Lain, Luigi"]
[Black "Vihan, Shourya"]
[Result "1-0"]
[WhiteElo "2236"]
[BlackElo "1998"]
[PlyCount "107"]
[EventDate "2024.08.10"]

1. d4 d5 2. c4 e6 3. Nc3 Nf6 4. cxd5 exd5 5. Bg5 Nbd7 6. e3 c6 7. Qc2 Be7 8. Bd3 O-O 9. Nge2 h6 10. Bh4 Nh5 11. Bxe7 Qxe7 12. O-O a5 13. Rae1 Ndf6 14. Nc1 g6 15. Nb3 Qc7 16. f3 Bd7 17. e4 Nf4 18. e5 Nxd3 19. Qxd3 Ne8 20. Nc5 Ng7 21. g4 Rad8 22. h3 h5 23. Ne2 b6 24. Nxd7 Qxd7 25. Nf4 Ne6 26. Nxe6 Qxe6 27. f4 hxg4 28. f5 gxf5 29. Rxf5 Rfe8 30. Ref1 Qg6 31. Qe3 Qh7 32. Rxf7 Qxf7 33. Rxf7 Kxf7 34. Qf4+ Ke7 35. Qf6+ Kd7 36. Qd6+ Kc8 37. Qxc6+ Kb8 38. Qxb6+ Kc8 39. hxg4 Rg8 40. Kh2 Rg7 41. Qa6+ Kb8 42. Kg3 Rdg8 43. Qb6+ Kc8 44. Kf3 Rg6 45. Qc5+ Kb8 46. Qxd5 Rxg4 47. Qb5+ Ka8 48. Qxa5+ Kb8 49. a4 R4g7 50. Ke4 Rh8 51. Qb6+ Kc8 52. e6 Rgh7 53. a5 Rh4+ 54. Kd5 1-0